00648nam a2200241 a 4500001001300000003000900013005001700022008004100039020001000080082001400090100001600104245002600120260004700146300000800193500003500201505001400236650001600250700001600266902000800282942000700290952009400297999001500391nice12345678IN_TiNIC20260116011655.0050524s1911 lona grp 000 0 eng  ac10000a239bWHE2 aWherry, E M aMohammadan Cotroversy aLondonbChristian Literature Societyc1911 a36p aincludes index and biblioraphy2 aresereved aApologetics1 aWherry, E M bSRS cBK 00104070aHMIbHMId2007-06-28g100.00l0o239 WHE2p6932r2007-06-28w2026-01-16yARB c3319d3319